000 00530cam a2200145 4500500
005 20260322003956.0
041 _afre
042 _adc
100 1 0 _aVallin, Pierre
_eauthor
245 0 0 _aPatrick Cabanel , Entre religions et laïcité ? , La voie française : xix e - xxi e siècles. Privat, 2007, 320 pages, 19 ?
260 _c2008.
500 _a11
786 0 _nÉtudes | 408 | 3 | 2008-03-01 | p. XXX-XXX | 0014-1941
856 4 1 _uhttps://shs.cairn.info/revue-etudes-2008-3-page-XXX?lang=fr&redirect-ssocas=7080
999 _c1736466
_d1736466